In honor of my halos tree: Locating loss (Record no. 524436)
[ view plain ]
| 000 -LEADER | |
|---|---|
| fixed length control field | 00373nam a22001337a 4500 |
| 008 - FIXED-LENGTH DATA ELEMENTS--GENERAL INFORMATION | |
| fixed length control field | 231117b ||||| |||| 00| 0 eng d |
| 100 ## - MAIN ENTRY--PERSONAL NAME | |
| Personal name | Gogai, Amrita Pritam |
| 245 ## - TITLE STATEMENT | |
| Title | In honor of my halos tree: Locating loss |
| 260 ## - PUBLICATION, DISTRIBUTION, ETC. (IMPRINT) | |
| Place of publication, distribution, etc | Social Action |
| 300 ## - PHYSICAL DESCRIPTION | |
| Extent | 73(4), Oct-Dec, 2023: p.394-405 |
| 773 ## - HOST ITEM ENTRY | |
| Main entry heading | Social Action |
| 906 ## - LOCAL DATA ELEMENT F, LDF (RLIN) | |
| Subject DIP | ENVIRONMENT |
| 942 ## - ADDED ENTRY ELEMENTS (KOHA) | |
| Item type | Articles |
| Withdrawn status | Lost status | Source of classification or shelving scheme | Damaged status | Not for loan | Permanent location | Current location | Date acquired | Serial Enumeration / chronology | Barcode | Date last seen | Koha item type |
|---|---|---|---|---|---|---|---|---|---|---|---|
| Indian Institute of Public Administration | Indian Institute of Public Administration | 2023-11-17 | 73(4), Oct-Dec, 2023: p.394-405 | AR130316 | 2023-11-17 | Articles |
